Seismic sea waves: tsunamis
Guardat en:
| Autor principal: | |
|---|---|
| Format: | Llibre |
| Idioma: | anglès |
| Publicat: |
Ottawa
Department of Fisheries and the Environment
1977
|
| Edició: | 1a. ed |
| Matèries: | |
| Etiquetes: |
Afegir etiqueta
Sense etiquetes, Sigues el primer a etiquetar aquest registre!
|
MARC
| LEADER | 00000nam a2200000 a 4500 | ||
|---|---|---|---|
| 001 | UCK0741 | ||
| 003 | CL-VaPUC | ||
| 008 | 041022e19770000CN |||||||||||||||||eng|d | ||
| 020 | |a 0660005654 | ||
| 082 | 0 | 4 | |a 551.47024 |b MUR |2 21 |
| 100 | |a Murty, T. S. |e author |q Murty, Tadepalli Satyanarayana |9 488608 | ||
| 245 | 1 | 0 | |a Seismic sea waves: tsunamis |
| 250 | |a 1a. ed | ||
| 300 | |a 337 p | ||
| 942 | |c BK | ||
| 945 | |d 20041022 00:00:00 |a vberengu | ||
| 260 | |a Ottawa |b Department of Fisheries and the Environment |c 1977 | ||
| 650 | 0 | |a Tsunamis (Maremotos) |9 333600 | |
| 650 | 7 | |a OLAS MARINAS SISMICAS |2 CL-VaPUC |9 488609 | |
| 650 | 0 | |a Oceanografía |9 260014 | |
| 583 | |a last modification |c 20041022 00:00:00 |k Rodrigo Vera | ||
| 999 | |c 311013 |d 311011 | ||
| 952 | |0 0 |1 0 |2 ddc |4 0 |6 551_470240000000000_MUR_1977 |7 0 |8 A |9 380190 |a BIBCUR |b BIBCUR |d 2019-11-21 |i 4055659 |o 551.47024 MUR 1977 |p 4055659 |r 2025-04-22 |w 2019-11-21 |y BK |k CIM | ||